000
00311nam a22001337a 4500
020
_a
978-81-224-2391-4
082
_a
300
_b
SIN/S
100
_a
JP SINGHAL
245
_a
GOLDEN SOCIAL SCIENCE
260
_a
DELHI
_b
LAXMI PUBLICATIONS
300
_a
599
650
_a
SOCIAL SCIENCE FOR CLASS VIII
_z
INDIA
942
_c
BK
999
_c
963
_d
963